000 01473njm a22003017a 4500
005 20100916114634.0
007 sd ammalaaahaa
008 100904t xxu||||| |||| 00| 0 hin d
028 _a7EPE. 7364
_bAngel Records
028 _aB-7TJW. 13716
_bAngel Records
028 _aB-7TJW. 13717
_bAngel Records
035 _aGR-02792
040 _aSED/VEN
100 _aKishore Kumar
_91184
245 _aHum Kisise Kum Naheen; Part-1
_bHindi /
_cby Kishore Kumar& Chorus; Music by R.D.Burman; Lyric by Majrooh
_h[Sound Recording] :
246 _aहम किसी से कम नहीं (किशोर कुमार और चोरस)
260 _aDum Dum, India :
_bAngel Records
300 _a1 sound disc [Gramophone Recording] :
_banalog, 33 1/3 rpm ;
_c7 in. [SP]
_fGramophone Records
500 _aBrief Records
500 _aRecord Labels: EMI, Red
505 _aSong Side-1; बचना ऐ हसीनों (हम किसी से कम नहीं) (किशोर कुमारऔर चोरस), Song Side-2; हम को तो यारा तेरी यारी (किशोर कुमार और आशा भोसले) Part 2
600 _aKishore Kumar
_920259
650 _aClassical Music
_xExcerpts
_zIndia
_918309
700 _918319
_aChorus
700 _918320
_aBhosle, Asha
942 _2ddc
_cGR
999 _c46124
_d46124